[Event "Kharkov Rector Cup"]
[Site "Kharkov"]
[Date "2011.02.18"]
[Round "5"]
[White "Onischuk, Vladimir"]
[Black "Brodsky, Michail"]
[Result "1-0"]
[WhiteElo "2505"]
[BlackElo "2554"]
[PlyCount "155"]
[EventDate "2011.02.14"]
[EventType "tourn"]
[EventRounds "9"]
[EventCountry "UKR"]
[EventCategory "10"]
[SourceTitle "CBM 141 Extra"]
[Source "ChessBase"]
[SourceDate "2011.05.03"]
[SourceVersion "1"]
[SourceVersionDate "2011.05.03"]
[SourceQuality "1"]

1. Nf3 Nf6 2. g3 g6 3. Bg2 Bg7 4. O-O O-O 5. d3 d5 6. Nbd2 Nc6 7. e4 e5 8. c3 a5 9. Re1 Re8 10. Qc2 h6 11. b3 b6 12. a3 Bb7 13. Bb2 dxe4 14. dxe4 Nb8 15. Nc4 $146 ({RR} 15. b4 Nbd7 16. Rad1 Qe7 17. Bf1 Red8 18. Nc4 Ne8 19. Ne3 Ndf6 20. Nd2 Nd6 21. f3 h5 22. Ndc4 h4 23. g4 Bh6 24. Bc1 Bf4 25. Ng2 Bxc1 26. Qxc1 axb4 27. cxb4 Nh7 28. Qh6 Ng5 29. Nxh4 Qf6 {Maghsoodloo,P (2701)-Dubov,D (2702) Chess.com INT 2022 0-1 (81)}) ({RR} 15. b4 Nbd7 16. Rad1 Qe7 17. Bf1 Red8 18. Nc4 Ne8 19. Ne3 Ndf6 20. Nd2 Nd6 21. f3 h5 22. Ndc4 h4 23. g4 Bh6 24. Bc1 Bf4 25. Ng2 Bxc1 26. Qxc1 axb4 27. cxb4 Nh7 28. Qh6 Ng5 29. Nxh4 Qf6 {Maghsoodloo,P (2701)-Dubov,D (2702) Chess.com INT 2022 0-1 (81)}) 15... Nbd7 16. b4 Qe7 17. Nfd2 Qe6 18. Ne3 Red8 19. c4 axb4 20. axb4 c6 21. Bc3 Ne8 22. Qb2 Nd6 23. h4 h5 24. Rxa8 Rxa8 25. Kh2 Qe7 26. Bh3 Rd8 27. Ra1 Nc8 28. Nf3 f6 29. Rd1 Nf8 30. Rxd8 Qxd8 31. c5 Kh8 32. Nc4 Ba6 33. Nfd2 bxc5 34. bxc5 Kh7 35. Qa2 Bb5 36. Na3 Be2 37. Ndc4 Bg4 38. Bxg4 hxg4 39. Qe2 Qd7 40. Nb6 Qe6 41. Nac4 Ne7 42. Qd1 f5 43. Qa1 fxe4 44. Bxe5 Qf5 45. Qb2 Bxe5 46. Nxe5 Ne6 47. Nbc4 Nxc5 48. Ne3 Qe6 49. N5xg4 Nd7 50. Qb7 Kg7 51. Kg2 Nf6 52. Qb2 Ned5 53. Qd4 Nxe3+ 54. Nxe3 Qd7 55. Qe5 Qe8 56. Qg5 Qe6 57. Qc5 Nd5 58. Qd4+ Kg8 59. Nc4 Kh7 60. Ne5 Qf5 61. Qa7+ Kg8 62. Qb8+ Kg7 63. Qb7+ Kg8 64. Nxc6 Qf3+ 65. Kg1 Qd1+ 66. Kh2 Qf3 67. Qb8+ Kh7 68. Qa7+ Kg8 69. Ne5 Qf5 70. Qa8+ Kg7 71. Qb7+ Kh6 72. Nf7+ Kh5 73. g4+ Qxg4 74. Qxd5+ Kxh4 75. Qd8+ g5 76. Qh8+ Qh5 77. Qxh5+ Kxh5 78. Kg3 1-0

[Event "Cannes op"]
[Site "Cannes"]
[Date "2011.02.24"]
[Round "5"]
[White "Roiz, Michael"]
[Black "Felgaer, Ruben Alejandro"]
[Result "1-0"]
[WhiteElo "2649"]
[BlackElo "2585"]
[PlyCount "123"]
[EventDate "2011.02.21"]
[EventType "swiss"]
[EventRounds "9"]
[EventCountry "FRA"]
[SourceTitle "CBM 141 Extra"]
[Source "ChessBase"]
[SourceDate "2011.05.03"]
[SourceVersion "1"]
[SourceVersionDate "2011.05.03"]
[SourceQuality "1"]

1. Nf3 d5 2. e3 Nc6 3. Bb5 Bd7 ({RR} 3... Bg4 4. h3 Bxf3 5. Bxc6+ bxc6 6. Qxf3 g6 7. c4 Bg7 8. Nc3 Nf6 9. O-O O-O 10. d4 Rb8 11. Rd1 e6 12. b3 Qe7 13. Qe2 Rfd8 14. Qc2 c5 15. Ba3 Nd7 16. cxd5 exd5 17. Nxd5 Qg5 18. Nc3 {Narayanan,S (2695)-Beerdsen,T (2501) chess.com INT 2024 1-0}) 4. d4 e6 5. c4 $146 ({RR} 5. O-O Nf6 6. b3 Bd6 7. Bb2 Ne7 8. Bd3 b5 9. Nbd2 b4 10. Ne5 O-O 11. a3 a5 12. g4 Be8 13. f4 Nd7 14. e4 bxa3 15. Bxa3 Bxa3 16. Rxa3 Nf6 17. c3 dxe4 18. Nxe4 Ned5 19. Qd2 Nxe4 {Keymer,V (2700)-Nihal,S (2673) chess.com INT 2023 ½-½ (107)}) ({RR} 5. O-O Nf6 6. b3 Bd6 7. Bb2 Ne7 8. Bd3 b5 9. Nbd2 b4 10. Ne5 O-O 11. a3 a5 12. g4 Be8 13. f4 Nd7 14. e4 bxa3 15. Bxa3 Bxa3 16. Rxa3 Nf6 17. c3 dxe4 18. Nxe4 Ned5 19. Qd2 Nxe4 {Keymer,V (2700)-Nihal,S (2673) chess.com INT 2023 ½-½ (107)}) 5... dxc4 6. O-O Bd6 7. e4 e5 8. d5 Nce7 9. Bxd7+ Qxd7 10. Nbd2 Nf6 11. Qe2 Ng6 12. Nxc4 h6 13. Ne1 O-O 14. Nd3 c6 15. dxc6 Qxc6 16. Nxd6 Qxd6 17. f3 Rfd8 18. Rd1 Qa6 19. Be3 Rd6 20. Kf2 Rc8 21. Rac1 Rxc1 22. Nxc1 Rxd1 23. Qxd1 Nf4 24. Qd8+ Kh7 25. Qc7 Qb5 26. b3 Nd3+ 27. Nxd3 Qxd3 28. Qxe5 Qb1 29. Qf5+ Kg8 30. Qc8+ Kh7 31. Qf5+ Kg8 32. Qa5 a6 33. Qd8+ Kh7 34. Qd2 g5 35. g4 Ne8 36. Qd5 Qc2+ 37. Kg3 Qc7+ 38. Kg2 Ng7 39. Qc5 Qd7 40. Qd5 Qc7 41. Qc5 Qd8 42. h4 Ne6 43. Qd5 Qe7 44. h5 Qc7 45. Qd2 b5 46. Qb2 Kg8 47. Bd2 Qd6 48. Qc3 Qd7 49. Kf2 Qd6 50. Ke2 Nd4+ 51. Ke3 Nc6 52. Be1 b4 53. Qd3 Qc5+ 54. Ke2 Nd4+ 55. Kd1 Nb5 56. Qd8+ Kg7 57. Qd3 a5 58. Ke2 Nd4+ 59. Kf1 Ne6 60. Bd2 Qe5 61. Qc2 Qh2 62. Bc3+ 1-0

[Event "Amber-blindfold 20th"]
[Site "Monte Carlo"]
[Date "2011.03.14"]
[Round "3"]
[White "Kramnik, Vladimir"]
[Black "Topalov, Veselin"]
[Result "1-0"]
[WhiteElo "2785"]
[BlackElo "2775"]
[PlyCount "79"]
[EventDate "2011.03.12"]
[EventType "tourn (rapid)"]
[EventRounds "11"]
[EventCountry "MNC"]
[EventCategory "21"]
[SourceTitle "CBM 142"]
[Source "ChessBase"]
[SourceDate "2011.05.17"]
[SourceVersion "1"]
[SourceVersionDate "2011.05.17"]
[SourceQuality "1"]

1. Nf3 d5 2. c4 d4 3. g3 Nc6 4. Bg2 e5 5. O-O Nf6 6. d3 Be7 7. b4 Nxb4 8. Nxe5 O-O 9. Nd2 ({RR} 9. Bb2 c5 10. a3 Na6 11. e3 dxe3 12. fxe3 Nc7 13. Nd2 Nd7 14. Nef3 Rb8 15. Qc2 b5 16. d4 Bb7 17. d5 bxc4 18. e4 Nb6 19. a4 Ba6 20. Rfe1 f6 21. Bc3 Kh8 22. Nh4 Ne8 23. Nf5 Nd6 {Gelfand,B (2741)-Ponomariov,R (2744) Moscow 2010 0-1}) 9... Bd6 10. a3 ({RR} 10. Nef3 c5 11. Ba3 Nc6 12. Nb3 Qe7 13. Re1 Bg4 14. e3 dxe3 15. Rxe3 Qc7 16. Bxc5 Rad8 17. Bxd6 Qxd6 18. Qf1 Bf5 19. d4 Be4 20. Rd1 Nb4 21. Qe2 Rfe8 22. d5 Nc2 23. Rc3 Nb4 24. Re3 h6 {Gutierrez Olivares,D (2354)-Oberoi,S (2174) chess.com INT 2025 1-0 (65)}) 10... Na6 11. f4 $146 ({RR} 11. Nef3 c5 12. Ng5 h6 13. Nge4 Nxe4 14. Nxe4 Be7 15. Rb1 Nc7 16. Nd2 Rb8 17. Nf3 Bd6 18. e4 Bg4 19. Qc2 Ne6 20. h3 Bxf3 21. Bxf3 Qc7 22. Bg2 g5 23. Qe2 Ng7 24. f4 f6 25. Bd2 b6 {Schirm,F (2315)-Pohlers,J (2105) Binz 1995 1-0 (41)}) ({RR} 11. Nef3 Re8 12. Rb1 Bf8 13. Nb3 c5 14. h3 Bd7 15. Ng5 h6 16. Ne4 Nxe4 17. Bxe4 Bxh3 18. Bxb7 Nc7 19. Re1 Rb8 20. Na5 Qf6 21. Bf4 Bd6 22. Qd2 g5 23. Bxd6 Qxd6 24. Bf3 Rb6 25. Nb7 Qe5 {Keschitz,G (2281)-Hess,C (2320) Budapest 2006 0-1 (33)}) 11... c6 12. Rb1 Qe7 13. Ndf3 Ng4 14. Nxd4 Nxe5 15. fxe5 Bxe5 16. e3 g6 17. Nb3 Bg7 18. d4 Rb8 19. e4 b6 20. Bf4 Rb7 21. e5 Qe8 22. Nd2 Bf5 23. Qa4 Nb8 24. Rbe1 Qd7 25. d5 cxd5 26. Qxd7 Nxd7 27. Bxd5 Rbb8 28. e6 fxe6 29. Bxe6+ Bxe6 30. Bxb8 Bf5 31. Bd6 Rc8 32. Nf3 Bd3 33. Rf2 Bxc4 34. Rc2 b5 35. Re7 Nc5 36. Rxa7 Ne4 37. Be5 Bf8 38. Bd4 Rd8 39. Rc7 g5 40. g4 1-0

[Event "EU-ch 12th"]
[Site "Aix les Bains"]
[Date "2011.04.02"]
[Round "11"]
[White "Jones, Gawain C B"]
[Black "Navara, David"]
[Result "1-0"]
[WhiteElo "2578"]
[BlackElo "2722"]
[Annotator "Reeh,Oliver"]
[PlyCount "135"]
[EventDate "2011.03.22"]
[EventType "swiss"]
[EventRounds "11"]
[EventCountry "FRA"]
[SourceTitle "CBM 142 Extra"]
[Source "ChessBase"]
[SourceDate "2011.06.27"]
[SourceVersion "1"]
[SourceVersionDate "2011.06.27"]
[SourceQuality "1"]

1. e4 c5 2. Nf3 e6 3. d3 b6 4. g3 Bb7 5. Bg2 d6 6. O-O Nf6 7. Nbd2 Be7 8. Re1 O-O 9. c3 Nbd7 10. b3 {Une ligne secondaire dans cette attaque sicilienne} (10. a3 {[%cal Gb2b4]}) (10. d4) 10... b5 11. Bb2 Qb6 12. a3 Rfc8 13. Qc2 $146 (13. d4 {0-1 Visser,Y (2380)-Van der Werf,M (2400) NED-chT 9697 1996 (5)}) ({RR} 13. d4 cxd4 14. cxd4 a6 15. Bf1 Re8 16. Bd3 e5 17. b4 exd4 18. Bxd4 Qd8 19. Qb3 Ng4 20. Rad1 Bf6 21. Bb1 Bxd4 22. Nxd4 Qf6 23. N2f3 g6 24. h3 Nge5 25. Nxe5 Rxe5 26. f4 Re7 27. Nf3 Rae8 {Visser,Y (2380)-Van der Werf,M (2400) Netherlands 1996 0-1 (44)}) 13... Ng4 14. c4 Bf6 15. cxb5 {48} Qxb5 {79} 16. Nc4 Qa6 17. h3 Nge5 $1 18. Nfxe5 Nxe5 19. Bxe5 {(=)} Bxe5 20. Nxe5 {41} dxe5 {[%csl Rd3] 76 Les Noirs continuent de jouer trés vite} 21. Rec1 Qd6 22. Qd2 a5 (22... Rab8 {[%csl Rb3][%cal Gb7a8] Plus souple car si le "a5 controle bien la case "b4", il peut aussi devenir une faiblesse lui-même}) 23. a4 Qd4 24. Rc3 Rc7 25. Rac1 {33} Ba6 {57} 26. Bf1 Qb4 27. Qg5 f6 28. Qe3 Rac8 29. h4 Rc6 30. Qe2 {25} Qb7 {53} 31. Qe3 Qe7 32. R3c2 Kf8 33. Qd2 Qd8 34. Qe3 Qd4 35. Qd2 Qd8 36. Qe3 Qb6 37. Rc3 h6 38. Qe2 Qa7 39. h5 R8c7 40. Qg4 {49} Qb8 {75 Les Noirs ont joué en blitz toute la partie!} 41. Qe2 Ke7 42. Qe3 Qb4 43. Be2 Kd6 44. Qd2 Rb7 45. Qc2 {44} Qd4 $4 {71} ({After e.g. Nach z.B.} 45... Rbc7 {there was nothing on. war gar nichts los.}) {[%tqu "En","White to play and win.","How can White win the queen?","","c3c4","Amazing - White forces the opening of the d-file, followed by 47.d1 and the black queen falls.",10,"De","Weiß zieht und gewinnt.","Wie kann Weiß die Dame erobern?","","c3c4","Überraschend - Weiß erzwingt die Öffnung der d-Linie, gefolgt von 47.d1 und die schwarze Dame fällt.",10]} 46. Rc4 $1 {Amazing - White forces the opening of the d-file. Überraschend - Weiß erzwingt die Öffnung der d-Linie.} Bxc4 47. dxc4 {and Black has no defence against 48.d1 winning the queen. und Schwarz hat keine Verteidigung gegen 48.d1 mit Damengewinn.} Rcb6 48. Rd1 Rxb3 49. Rxd4+ exd4 50. e5+ {44} Kxe5 {71 Joué à tempo!} 51. Bf3 d3 52. Qd2 Kd4 53. Qf4+ Kc3 54. Qc1+ Kd4 55. Qf4+ Kc3 56. Qc1+ Kd4 57. Qa1+ Kxc4 58. Qc1+ Kd4 59. Qf4+ Kc3 60. Qc1+ Kd4 61. Qe3+ Kc3 62. Qxc5+ Kd2 63. Bxb7 Rxb7 64. Qxa5+ Ke2 65. Qa6 Rb1+ 66. Kg2 e5 67. Qc4 Ra1 68. g4 1-0

[Event "CHN-ch"]
[Site "Xinghua Jiangsu"]
[Date "2011.04.03"]
[Round "5"]
[White "Wang, Yue"]
[Black "Li, Shilong"]
[Result "1-0"]
[WhiteElo "2734"]
[BlackElo "2520"]
[PlyCount "129"]
[EventDate "2011.03.30"]
[EventType "tourn"]
[EventRounds "11"]
[EventCountry "CHN"]
[EventCategory "15"]
[SourceTitle "CBM 142"]
[Source "ChessBase"]
[SourceDate "2011.05.17"]
[SourceVersion "1"]
[SourceVersionDate "2011.05.17"]
[SourceQuality "1"]

1. Nf3 Nf6 2. c4 g6 3. b3 Bg7 4. Bb2 O-O 5. g3 c5 6. Bg2 d6 7. Nc3 ({RR} 7. O-O e5 8. e3 Nc6 9. h3 Bf5 10. d3 Rb8 11. Nc3 a6 12. Nh4 Bd7 13. Ne4 Qe7 14. Rb1 b5 15. Kh2 Nh5 16. Nc3 f5 17. Nd5 Qf7 18. Nc7 Kh8 19. Nxa6 Rb6 20. cxb5 Rxb5 21. Nc7 Rb7 {Jones,G (2682)-Shinkevich,V (2439) St Petersburg 2018 0-1 (78)}) ({RR} 7. d3 Nc6 8. Nbd2 e5 9. a3 h6 10. h3 Be6 11. Qc2 Qd7 12. Bc3 Nd4 13. Qb2 Rab8 14. e3 Rfe8 15. Ne4 Nxe4 16. exd4 Nxc3 17. Qxc3 exd4 18. Qd2 Bxc4+ 19. Kf1 Bxb3 20. Nh2 Be6 21. Ng4 h5 {Olarte,S (1832)-Rappazzo,J (2071) Basel SUI 2024 0-1}) 7... e5 $146 ({RR} 7... Nc6 8. d3 Bd7 9. O-O Rb8 10. e3 a6 11. Rb1 b5 12. Qd2 e6 13. Qe2 b4 14. Ne4 Qe7 15. Rfd1 Ne8 16. Bxg7 Nxg7 17. d4 f5 18. Ned2 e5 19. dxc5 dxc5 20. Rb2 e4 21. Ne1 Rbd8 22. Nb1 {Stefko,L (1770)-Mordue,N (1425) Launceston 2016 1-0 (40)}) ({RR} 7... Nc6 8. Nd5 e5 9. d3 Bd7 10. O-O Qc8 11. Re1 h6 12. a3 Nxd5 13. cxd5 Ne7 14. e4 Bh3 15. b4 Bxg2 16. Kxg2 b6 17. Ra2 f5 18. h3 Rf7 19. Bc1 Qd7 20. Rae2 Rc8 21. Nh2 Kh7 22. f3 {McDonough,G-Dennehy,T Dublin 1972 0-1 (54)}) 8. d3 Nc6 9. Nd2 Rb8 10. Nde4 Ne8 11. Nd5 Ne7 12. Nxe7+ Qxe7 13. Qd2 b5 14. cxb5 Rxb5 15. O-O Nc7 16. Rac1 Bb7 17. Rfe1 Rb6 18. e3 f5 19. Nc3 Bxg2 20. Kxg2 Qf7 21. f3 Rbb8 22. Rf1 Bh6 23. Rce1 Ne6 24. Qd1 Qb7 25. e4 Rbe8 26. Rf2 Bg5 27. Nd5 h5 28. Qc2 f4 29. Rh1 Rf7 30. Qc4 Kh7 31. Bc3 Rc8 32. a3 Bh6 33. a4 Qd7 34. Qb5 Qd8 35. Qa5 Qd7 36. Qb5 Qd8 37. Ba5 Qf8 38. Qc4 Qe8 39. Bc3 Qd7 40. Qb5 Qd8 41. Qc4 Qd7 42. Qb5 Qd8 43. Ba5 Qg5 44. Qa6 fxg3 45. hxg3 Rcf8 46. Qxd6 Nf4+ 47. Nxf4 exf4 48. Rh3 c4 49. Bb4 cxd3 50. Qxd3 Rd8 51. Qc4 Rfd7 52. Qe6 Bg7 53. g4 a5 54. Be1 Rd6 55. Qc4 Rd4 56. Qb5 Qxb5 57. axb5 Rb8 58. gxh5 g5 59. Rc2 Rxb5 60. Rc7 g4 61. fxg4 Rxe4 62. h6 f3+ 63. Kxf3 Rxb3+ 64. Kxe4 Rxh3 65. g5 1-0

[Event "RUS-chT 18th"]
[Site "Olginka"]
[Date "2011.04.15"]
[Round "4"]
[White "Efimenko, Zahar"]
[Black "Anisimov, Pavel"]
[Result "1-0"]
[WhiteElo "2708"]
[BlackElo "2532"]
[PlyCount "109"]
[EventDate "2011.04.12"]
[EventType "team-tourn"]
[EventRounds "11"]
[EventCountry "RUS"]
[SourceTitle "EXT 2020"]
[Source "ChessBase"]
[SourceDate "2019.10.17"]
[SourceVersion "1"]
[SourceVersionDate "2019.10.17"]
[SourceQuality "1"]
[WhiteTeam "Sankt Petersburg Chess Federation"]
[BlackTeam "St Petersburg Mikhail Chigorin CC"]
[WhiteTeamCountry "RUS"]
[BlackTeamCountry "RUS"]

1. Nf3 d5 2. g3 c5 3. Bg2 Nc6 4. c4 dxc4 5. Qa4 ({RR} 5. Na3 g6 6. Nxc4 Bg7 7. d3 Nf6 8. Be3 Nd5 9. Bxc5 b6 10. Be3 b5 11. Ncd2 Nxe3 12. fxe3 O-O 13. Nd4 Nxd4 14. Bxa8 Nf5 15. Nf1 Be6 16. Bf3 Bxb2 17. Rb1 Bc3+ 18. Kf2 Qa5 19. a3 Nd6 {Rechlis,G (2470)-Nabaty,T (2639) Israel ISR 2024 0-1 (37)}) 5... Bd7 6. Qxc4 e5 7. Nc3 $146 ({RR} 7. O-O Nf6 8. Ng5 Qe7 9. Nc3 a6 10. d3 b5 11. Qh4 Qd6 12. Be3 Be7 13. Rac1 Rc8 14. Nge4 Nxe4 15. Qxe4 O-O 16. Nd5 Nd4 17. Bxd4 cxd4 18. f4 f6 19. fxe5 fxe5 20. Nxe7+ Qxe7 21. Rxf8+ Rxf8 {Drakoulakos,G (2275)-Koudounis,V (2118) Nikaia GRE 2023 ½-½ (36)}) ({RR} 7. d3 Bd6 8. Ng5 Qe7 9. Nc3 Nf6 10. Nge4 Nxe4 11. Nxe4 Rc8 12. Be3 b6 13. a3 Bb8 14. Rc1 O-O 15. O-O Be6 16. Qa4 Qd7 17. Rfe1 Nd4 18. Qa6 Bd5 19. b4 Bc6 20. Nd2 Bxg2 21. Kxg2 Rc6 {Fiorito,F (2406)-Persson,A (2157) Valencia ESP 2024 1-0 (44)}) ({RR} 7. d3 Be7 8. O-O Nf6 9. Be3 Rc8 10. Qc1 O-O 11. Nc3 b6 12. h3 Re8 13. Nd2 Nd4 14. f3 b5 15. Qd1 c4 16. dxc4 bxc4 17. Bf2 Be6 18. Re1 Bb4 19. e4 Qa5 20. Rc1 Nd7 21. f4 f6 {Schmider,B-Kleindienst,T Baden 1997 ½-½ (55)}) 7... Be7 8. d3 Nf6 9. Bg5 b6 10. O-O O-O 11. a3 Rc8 12. Qa6 Ne8 13. Bxe7 Qxe7 14. b4 cxb4 15. Nd5 Qd6 16. Nxb4 Nc7 17. Qc4 Ne6 18. Qa2 Ncd4 19. Nxd4 Nxd4 20. e3 Be6 21. Qb2 Nb3 22. Rab1 Nc5 23. d4 exd4 24. Qxd4 Rfd8 25. Nc6 Rxc6 26. Bxc6 Qxd4 27. exd4 Rxd4 28. Rfd1 Rxd1+ 29. Rxd1 Kf8 30. Rd8+ Ke7 31. Ra8 a5 32. Bb5 Kd6 33. Rb8 Bd5 34. Rd8+ Ke6 35. f4 Nb7 36. Rh8 Nd6 37. Be2 h6 38. Kf2 b5 39. Ke3 Nf5+ 40. Kd2 Nd4 41. Bd1 Nc6 42. Ke3 a4 43. Kd2 Kd6 44. Kc3 Kc5 45. f5 Be4 46. f6 gxf6 47. Rxh6 Ne7 48. Rh8 Nd5+ 49. Kb2 Kd4 50. Rb8 Bd3 51. h4 Ne3 52. Rd8+ Ke4 53. Bf3+ Kxf3 54. Rxd3 Ke4 55. Rxe3+ 1-0

[Event "Lund Schackstudion"]
[Site "Lund"]
[Date "2011.04.18"]
[Round "5"]
[White "Grandelius, Nils"]
[Black "Tikkanen, Hans"]
[Result "1-0"]
[WhiteElo "2547"]
[BlackElo "2541"]
[PlyCount "111"]
[EventDate "2011.04.14"]
[EventType "tourn"]
[EventRounds "9"]
[EventCountry "SWE"]
[EventCategory "9"]
[SourceTitle "CBM 141 Extra"]
[Source "ChessBase"]
[SourceDate "2011.05.03"]
[SourceVersion "1"]
[SourceVersionDate "2011.05.03"]
[SourceQuality "1"]

1. Nf3 d5 2. c4 d4 3. g3 Nc6 4. Bg2 g6 5. d3 Bg7 6. Na3 e5 7. O-O Nge7 8. Nc2 a5 9. b3 $146 ({RR} 9. e3 O-O 10. exd4 exd4 11. Re1 h6 12. b3 Nb4 13. a3 Nxc2 14. Qxc2 c5 15. Rb1 Nc6 16. Bd2 Ra6 17. b4 axb4 18. axb4 cxb4 19. Bxb4 Nxb4 20. Rxb4 Re8 21. Rbb1 Rae6 22. Rxe6 Rxe6 23. Nd2 Qa5 {Troyke,C (2334)-Souleidis,G (2401) Germany 2005 ½-½ (54)}) ({RR} 9. Rb1 Bd7 10. b3 O-O 11. a3 Qc8 12. Re1 Bh3 13. Bh1 h6 14. b4 axb4 15. axb4 Re8 16. b5 Nd8 17. e3 Ne6 18. exd4 exd4 {½-½ (18) Grivas,E (2505)-Sadler,M (2535) Budapest 1993}) 9... O-O 10. a3 Bf5 11. Bb2 Rb8 12. Nd2 Qd7 13. Ne4 Bh3 14. Nc5 Qc8 15. Bxh3 Qxh3 16. b4 b6 17. Na6 Rb7 18. b5 Nd8 19. e3 dxe3 20. Nxe3 c5 21. Ng4 Nf5 22. Ra2 Re8 23. Re1 Rbe7 24. Nb8 Nd4 25. Ne3 Rb7 26. Nc6 N8xc6 27. bxc6 Nxc6 28. Nd5 Re6 29. Bc3 Ne7 30. Qa4 Nf5 31. Rae2 Rb8 32. Qd7 g5 33. Bxe5 Nh4 34. Ne7+ Kf8 35. Bxg7+ Kxg7 36. Qd5 Rxe2 37. Rxe2 Qg4 38. Kf1 Nf3 39. Nf5+ Kf6 40. Re3 Nxh2+ 41. Kg2 Qxf5 42. Qd6+ Kg7 43. Qxb8 Ng4 44. Rf3 Qe6 45. Qd8 h6 46. d4 Qxc4 47. d5 Qe4 48. d6 Qe6 49. Qe7 Nf6 50. a4 g4 51. Rf4 h5 52. Kf1 Kg6 53. Qd8 c4 54. d7 Nxd7 55. Qg8+ Kh6 56. Rxf7 1-0

[Event "Las Palmas Montalvo Memorial 4th"]
[Site "Las Palmas"]
[Date "2011.04.22"]
[Round "6"]
[White "Granda Zuniga, Julio E"]
[Black "Vera Gonzalez Quevedo, Reynaldo"]
[Result "1-0"]
[WhiteElo "2615"]
[BlackElo "2518"]
[PlyCount "89"]
[EventDate "2011.04.18"]
[EventType "swiss"]
[EventRounds "9"]
[EventCountry "ESP"]
[SourceTitle "CBM 141 Extra"]
[Source "ChessBase"]
[SourceDate "2011.05.03"]
[SourceVersion "1"]
[SourceVersionDate "2011.05.03"]
[SourceQuality "1"]

1. Nf3 d5 2. g3 Nf6 3. Bg2 c6 4. d3 Bf5 5. O-O h6 6. b3 ({RR} 6. Nfd2 e6 7. e4 Bh7 8. Qe2 Be7 9. f4 O-O 10. Nc3 Nbd7 11. Kh1 a5 12. a4 Qb6 13. g4 dxe4 14. dxe4 Qa6 15. Qf3 Bb4 16. e5 Nd5 17. Nce4 f5 18. exf6 N7xf6 19. c3 Be7 20. Ng3 Qd3 {Svidler,P (2749)-Potkin,V (2651) Moscow 2012 ½-½ (55)}) 6... Nbd7 ({RR} 6... e6 7. Bb2 Be7 8. Nfd2 Bh7 9. e4 O-O 10. Nc3 a5 11. a4 Na6 12. h3 Nc5 13. Qe2 Qc7 14. f4 Rfd8 15. e5 Nfd7 16. Nf3 Na6 17. Kh1 Rdb8 18. g4 b5 19. f5 bxa4 20. Nxa4 exf5 21. e6 {Granda Zuniga,J (2615)-Moreno Trujillo,A (2449) Jaen 2011 1-0 (34)}) 7. Bb2 e6 8. Nfd2 $146 ({RR} 8. Nc3 Bd6 9. Nd2 O-O 10. e4 Bh7 11. f4 Bc5+ 12. Kh1 a5 13. g4 d4 14. Ncb1 a4 15. a3 g5 16. fxg5 hxg5 17. bxa4 Ne5 18. h3 Rxa4 19. Nf3 Nfd7 20. Nbd2 Bb6 21. c3 dxc3 22. Bxc3 Nxf3 {Theodorou,N (2619)-Khalafova,N (2278) chess.com INT 2024 1-0 (52)}) ({RR} 8. Nc3 Bd6 9. Nd2 O-O 10. e4 Bh7 11. f4 Bc5+ 12. Kh1 a5 13. g4 d4 14. Ncb1 a4 15. a3 g5 16. fxg5 hxg5 17. bxa4 Ne5 18. h3 Rxa4 19. Nf3 Nfd7 20. Nbd2 Bb6 21. c3 dxc3 22. Bxc3 Nxf3 {Theodorou,N (2619)-Khalafova,N (2278) chess.com INT 2024 1-0 (52)}) 8... Bc5 9. e4 Bg6 10. e5 Ng8 11. Nf3 Ne7 12. Nc3 b5 13. Ne2 a5 14. a3 O-O 15. Nf4 Bh7 16. h4 Nf5 17. Kh2 b4 18. axb4 axb4 19. Rxa8 Qxa8 20. g4 Qa2 21. Qa1 Qxa1 22. Rxa1 Nxh4 23. Nxh4 g5 24. Ne2 gxh4 25. f4 Rc8 26. Bd4 Be7 27. Ra7 Rd8 28. Bf2 c5 29. Rc7 Kf8 30. d4 c4 31. bxc4 dxc4 32. Rxc4 Nb6 33. Rc6 Nd5 34. Kh3 b3 35. cxb3 Bd3 36. Bxd5 Rxd5 37. Rc8+ Kg7 38. Nc3 Bf1+ 39. Kh2 Ra5 40. d5 exd5 41. Bd4 Kg6 42. Rc6+ Kg7 43. e6+ Kg6 44. Rc7 Bf6 45. exf7 1-0

[Event "Bahia Feliz"]
[Site "Bahia Feliz"]
[Date "2011.05.20"]
[Round "8"]
[White "Granda Zuniga, Julio E"]
[Black "Ragger, Markus"]
[Result "1-0"]
[WhiteElo "2614"]
[BlackElo "2674"]
[PlyCount "89"]
[EventDate "2011.05.12"]
[EventType "tourn"]
[EventRounds "9"]
[EventCountry "ESP"]
[EventCategory "12"]
[SourceTitle "CBM 143"]
[Source "ChessBase"]
[SourceDate "2011.07.15"]
[SourceVersion "1"]
[SourceVersionDate "2011.07.15"]
[SourceQuality "1"]

1. Nf3 d5 2. g3 c6 3. Bg2 Bg4 4. Ne5 Bf5 5. d4 Nd7 6. Nd3 e6 7. O-O Ngf6 8. Nd2 ({RR} 8. Bf4 h6 9. Nd2 g5 10. Be5 Nxe5 11. Nxe5 Nd7 12. Nd3 Bxd3 13. exd3 Qb6 14. Nb3 a5 15. a4 Bg7 16. c3 c5 17. dxc5 Nxc5 18. Nxc5 Qxc5 19. d4 Qb6 20. Qe2 O-O 21. Rfe1 Rac8 22. Bf1 Rc6 {Girsh,D (2164)-Nicholson,M (2036) chess.com INT 2024 1-0 (58)}) 8... Be7 9. b3 O-O 10. Bb2 c5 $146 ({RR} 10... Rc8 11. c4 Bg6 12. Nf4 b5 13. Nxg6 hxg6 14. c5 Nh5 15. b4 a5 16. bxa5 Qxa5 17. Qc2 Ra8 18. e4 Qa4 19. Qd3 Nhf6 20. e5 Ne8 21. Bf3 Nc7 22. Bd1 Qa6 23. h4 Rfb8 24. Kg2 Nf8 25. Rh1 {Doroshenko,M (2542)-McLaren,B (2186) Burnaby 2011 1-0 (38)}) ({RR} 10... h6 11. f3 Bh7 12. Kh1 Rc8 13. e4 c5 14. e5 Ne8 15. dxc5 Nxc5 16. Nxc5 Bxc5 17. c4 Bd3 18. Re1 Nc7 19. Bf1 dxc4 20. Nxc4 Bxf1 21. Rxf1 Nd5 22. a4 Ne3 23. Nxe3 Bxe3 24. Qe2 Qd2 25. Qxd2 {Haubold,M (2021)-Goehring,K (2125) Bayern 2018 ½-½ (31)}) 11. dxc5 Nxc5 12. Bxf6 gxf6 13. Nxc5 Bxc5 14. e4 dxe4 15. Bxe4 Bd4 16. Rb1 Bxe4 17. Nxe4 f5 18. Nd2 Bg7 19. Qe2 Qa5 20. a4 Qc3 21. Nc4 f4 22. gxf4 Qf6 23. Qe4 Bh6 24. f5 exf5 25. Qxb7 Kh8 26. Qf3 Qh4 27. Kh1 Qe4 28. Qxe4 fxe4 29. Rbd1 f5 30. Rd7 Rf6 31. Rfd1 Rg8 32. R1d6 Rfg6 33. Rxg6 hxg6 34. Rxa7 Rd8 35. Kg2 f4 36. Re7 Rd4 37. a5 Bf8 38. Re8 Kg7 39. a6 f3+ 40. Kh3 Rd7 41. Rxe4 Bc5 42. Kg3 Rf7 43. Re6 Ba7 44. Ne5 Bb8 45. Kg4 1-0